[Event "2nd Sharjah Masters 2018"]
[Site "Sharjah UAE"]
[Date "2018.04.18"]
[Round "8.35"]
[White "Mohammed, Ahmed Said Al Amri"]
[Black "Poormosavi, Seyed Kian"]
[Result "1/2-1/2"]
[WhiteElo "1822"]
[BlackElo "2218"]
[WhiteFideId "22000380"]
[BlackFideId "12585807"]
[EventDate "2018.04.12"]

1. e4 c5 2. Nf3 Nc6 3. Bb5 g6 4. O-O Bg7 5. Re1 Nf6 6. c3 O-O 7. d4 cxd4 8. cxd4
d5 9. e5 Ne4 10. Nc3 Nxc3 11. bxc3 Qa5 12. Qa4 Qxa4 13. Bxa4 Bd7 14. Ba3 Rfe8
15. Rab1 b6 16. Bb3 e6 17. Nd2 Rec8 18. Bd1 Na5 19. Bb4 Bh6 20. Rb2 Bxd2 21.
Rxd2 Nc4 22. Rc2 a5 23. Be7 Ra7 24. Rc1 Rac7 25. Be2 Nb2 26. Ba6 Ra8 27. Bd6
Rca7 28. Ba3 Rxa6 29. Bxb2 Rc8 30. Ba3 Bb5 31. Bd6 Bc4 32. a3 Rc6 33. f4 Ra8 34.
Kf2 Bd3 35. Ke3 Be4 36. g3 f5 37. Kd2 Rac8 38. Re3 Kf7 39. Ree1 h6 40. Rg1 g5
41. h3 Rc4 42. Rge1 Ra4 43. Ra1 Rac4 44. Rac1 Rg8 45. Rg1 Ke8 46. fxg5 hxg5 47.
h4 Rh8 48. hxg5 Rh2+ 49. Ke3 Kf7 50. Rgf1 Kg6 51. Rf2 Rxf2 52. Kxf2 Kxg5 53.
Be7+ Kg4 54. Bd8 Rc8 55. Bf6 Rc7 56. Bh4 b5 57. Bd8 Rc8 58. Be7 Rh8 59. Bh4 f4
60. Rg1 Rc8 61. Be7 Rxc3 62. gxf4+ Kxf4 63. Bg5+ Kf5 64. Bd2 Rf3+ 65. Ke2 Rf4
66. Bxf4 Kxf4 67. Kd2 Bf5 68. Kc3 Ke3 69. Re1+ Kf2 70. Rh1 Ke3 71. Rf1 Bg4 72.
Rh1 Bf5 73. Re1+ Kf2 74. Kd2 Kf3 75. Rf1+ Ke4 76. Kc3 Bg4 77. Rb1 Be2 78. Re1
Ke3 79. Rb1 Ke4 80. Re1 Ke3 81. Rb1 Ke4 82. Re1 Ke3 83. Rb1 Bc4 84. Re1+ Kf2 85.
Kd2 b4 86. axb4 axb4 87. Rb1 b3 88. Kc3 Ke3 89. Rh1 Ke4 90. Rh6 b2 91. Rh4+ Ke3
92. Kxb2 Kd3 93. Rh6 Kxd4 94. Rxe6 Bb5 95. Rb6 Kc5 96. Rb8 Bd7 97. Rd8 Bf5 98.
Kc3 Be6 99. Kd3 Bg4 100. Ke3 Bh3 101. Rh8 Be6 102. Kf4 d4 103. Kg5 d3 104. Kf6
d2 105. Rh1 Bg4 106. Rg1 d1=Q 107. Rxd1 Bxd1 1/2-1/2

[Event "2nd Sharjah Masters 2018"]
[Site "Sharjah UAE"]
[Date "2018.04.18"]
[Round "8.36"]
[White "Kakulidis, Ellen"]
[Black "Viani, Antonio Dcunha"]
[Result "0-1"]
[WhiteTitle "WCM"]
[BlackTitle "IM"]
[WhiteElo "1975"]
[BlackElo "2435"]
[WhiteFideId "1444972"]
[BlackFideId "5027330"]
[EventDate "2018.04.12"]

1. d4 d6 2. g3 e5 3. Bg2 exd4 4. Nf3 c5 5. c3 dxc3 6. Nxc3 Nf6 7. O-O Be7 8. e4
Nc6 9. Bf4 Be6 10. Qe2 O-O 11. Rfd1 Bg4 12. h3 Nd4 13. Qd3 Bxf3 14. Bxf3 Nd7 15.
Bg2 Ne5 16. Qf1 Re8 17. Rab1 Nec6 18. Nb5 Qd7 19. h4 a6 20. Bh3 Qd8 21. Nc3 Bf6
22. Bg2 b5 23. Nd5 a5 24. Nxf6+ Qxf6 25. e5 dxe5 26. Bg5 Qe6 27. Rbc1 c4 28. a4
Rac8 29. Bh3 f5 30. axb5 Nb4 31. Be3 Nd3 32. Rc3 Nxb5 33. Rcxd3 cxd3 34. Qxd3
Rcd8 35. Bxf5 Qf6 36. Qb3+ Kh8 37. Rxd8 Rxd8 38. Bg5 Qxf5 39. Bxd8 Nd4 40. Qa4
h6 41. Bxa5 Qb1+ 42. Kh2 Qf1 43. Qe8+ Kh7 44. Qf7 e4 45. g4 Nf3+ 46. Kg3 Qg1+
47. Kf4 Nxh4 48. Kxe4 Qxg4+ 49. Kd3 Nf5 50. Bc3 Qf3+ 51. Kc2 Nd4+ 0-1

[Event "3rd Sharjah Masters 2019"]
[Site "Sharjah UAE"]
[Date "2019.03.30"]
[Round "9.3"]
[White "Yakubboev, Nodirbek"]
[Black "Fedoseev, Vladimir"]
[Result "1-0"]
[WhiteElo "2569"]
[BlackElo "2715"]
[EventDate "2018.03.22"]

1. d4 f5 2. Bg5 h6 3. Bh4 g5 4. e3 Nf6 5. Bg3 d6 6. h4 g4 7. Nc3 Nh5 8.
Nge2 Bg7 9. Bh2 Nc6 10. d5 Ne5 11. Nd4 O-O 12. Qd2 Bd7 13. O-O-O c6 14. f4
Ng6 15. Bc4 Kh7 16. e4 Bxd4 17. Qxd4 g3 18. Bg1 Nhxf4 19. Qd2 fxe4 20. Be3
Qa5 21. Bxf4 Nxf4 22. Qe3 Ng6 23. Nxe4 Ne5 24. Nxg3 Qb4 25. Rd4 Nxc4 26.
Qd3+ Kh8 27. Rxc4 Qa5 28. Qe3 Rf7 29. Qxh6+ Rh7 30. Qe3 cxd5 31. Rf4 Qxa2
32. Qc3+ e5 33. Rhf1 Rg8 34. Rf8 Rg7 35. Qe3 Rg6 36. Rxg8+ Kxg8 37. Qf3 Be6
38. Qf8+ Kh7 39. Qe7+ Kh8 40. Qe8+ Kh7 41. Qe7+ Kh8 42. Rf8+ Bg8 43. Rf5
Rg7 44. Rh5+ Bh7 45. Qf8+ Rg8 46. Qf6+ Rg7 47. Rg5 1-0

[Event "3rd Sharjah Masters 2019"]
[Site "Sharjah UAE"]
[Date "2019.03.30"]
[Round "9.4"]
[White "Vishnu, Prasanna. V"]
[Black "Mareco, Sandro"]
[Result "0-1"]
[WhiteElo "2524"]
[BlackElo "2666"]
[EventDate "2018.03.22"]

1. d4 Nf6 2. c4 g6 3. g3 Bg7 4. Bg2 O-O 5. Nf3 d6 6. O-O c6 7. Nc3 Bf5 8.
Nd2 Na6 9. Nb3 Be6 10. d5 Bd7 11. h3 Rb8 12. e4 e5 13. Be3 cxd5 14. cxd5 b6
15. Nc1 Ne8 16. Nd3 f5 17. exf5 gxf5 18. f4 Rc8 19. fxe5 dxe5 20. Qe2 Nd6
21. Bf2 Nc5 22. Nb4 e4 23. Rad1 Qg5 24. Nc6 Rce8 25. h4 Qg4 26. Qxg4 fxg4
27. Be3 Nd3 28. Rxf8+ Kxf8 29. Nxe4 Nxe4 30. Rxd3 Nxg3 31. Bd2 Nf5 32. Bb4+
Kf7 33. d6 Re2 34. Nb8 Rxb2 35. Bd5+ Ke8 36. Bc6 Bd4+ 37. Rxd4 Nxd4 38.
Bxd7+ Kf7 39. Be1 Nf3+ 40. Kf1 Nh2+ 41. Kg1 Nf3+ 42. Kf1 Rb1 43. Kf2 Nxe1
44. Bf5 Rc1 45. d7 Ke7 46. Bxh7 Nf3 47. h5 Ne5 48. Bf5 Rh1 49. Kg3 Rxh5 50.
Kf4 Rxf5+ 0-1

[Event "3rd Sharjah Masters 2019"]
[Site "Sharjah UAE"]
[Date "2019.03.30"]
[Round "9.6"]
[White "Pichot, Alan"]
[Black "Sindarov, Javokhir"]
[Result "1/2-1/2"]
[WhiteElo "2584"]
[BlackElo "2505"]
[EventDate "2018.03.22"]

1. d4 Nf6 2. Nf3 g6 3. g3 Bg7 4. Bg2 O-O 5. O-O d6 6. b3 c5 7. c4 d5 8. Bb2
dxc4 9. dxc5 Qxd1 10. Rxd1 Nfd7 11. Bxg7 Kxg7 12. Nfd2 Nxc5 13. Nxc4 Nba6
14. Nc3 Be6 15. Na5 Rab8 16. Rd4 Rfc8 17. Rc1 Bf5 18. f4 Ne6 19. Rdd1 Nb4
20. Nc4 Bc2 21. Rd2 b5 22. Nxb5 Rxb5 23. Ne3 Ra5 24. Nxc2 Rxa2 25. Be4 Nc5
26. Nxb4 Rxd2 27. Nd3 Rxe2 28. Rxc5 Rd8 29. Rd5 Rc8 30. Rc5 Rd8 31. Rd5 Rc8
32. Rc5 1/2-1/2

[Event "3rd Sharjah Masters 2019"]
[Site "Sharjah UAE"]
[Date "2019.03.30"]
[Round "9.7"]
[White "Deepan, Chakkravarthy J."]
[Black "Sargissian, Gabriel"]
[Result "1/2-1/2"]
[WhiteElo "2534"]
[BlackElo "2689"]
[EventDate "2018.03.22"]

1. d4 Nf6 2. Nf3 e6 3. Bg5 h6 4. Bh4 d5 5. e3 Be7 6. Nbd2 b6 7. c3 Bb7 8.
a4 a5 9. Bb5+ c6 10. Bd3 c5 11. Ne5 Nc6 12. f4 Nd7 13. Bxe7 Qxe7 14. O-O
O-O 15. Qh5 Ncxe5 16. fxe5 Ba6 17. Bxa6 Rxa6 18. Rf4 f5 19. exf6 Nxf6 20.
Qe5 Raa8 21. Raf1 Rac8 22. h3 Nd7 23. Rxf8+ Nxf8 24. Nf3 Nd7 25. Qg3 Rf8
26. Qc7 Qd8 27. Qd6 Re8 28. Re1 Nf6 29. Qc6 c4 30. Ne5 Re7 31. Ng6 Re8 32.
Rf1 Kh7 33. Ne5 Re7 34. b3 cxb3 35. Qb5 Qd6 36. Qxb3 Nd7 37. Nxd7 Rxd7 38.
Rb1 Qg3 39. Qc2+ Kg8 40. Rxb6 Qxe3+ 41. Qf2 Qxf2+ 42. Kxf2 Kf7 43. Rc6 Rb7
44. Rc5 Rb3 45. Ke2 Ra3 46. Rxa5 Rxc3 47. Rc5 Ra3 48. a5 Kf6 49. Kd2 Kf5
50. Kc2 Ke4 51. Kb2 Ra4 52. Kc3 Rxd4 53. Kb3 Rd1 54. Kb2 Rf1 55. a6 Rf7 56.
Ra5 Ra7 57. Kc3 Ke3 58. Kb4 e5 59. Kc5 d4 60. Kb6 Rxa6+ 61. Rxa6 d3 62. Kc5
d2 63. Ra1 Kd3 64. Kd5 e4 65. Ra3+ Ke2 66. Ra1 Kd3 67. Ra3+ Ke2 68. Ra1 Kd3
1/2-1/2

[Event "3rd Sharjah Masters 2019"]
[Site "Sharjah UAE"]
[Date "2019.03.30"]
[Round "9.8"]
[White "Aditya, Mittal"]
[Black "Maghsoodloo, Parham"]
[Result "0-1"]
[WhiteElo "2454"]
[BlackElo "2673"]
[EventDate "2018.03.22"]

1. d4 f5 2. g3 Nf6 3. Bg2 g6 4. Nf3 Bg7 5. O-O O-O 6. b3 b6 7. Bb2 Bb7 8.
c4 e6 9. Nc3 Na6 10. a3 c5 11. d5 exd5 12. Nxd5 Nxd5 13. Bxg7 Kxg7 14. cxd5
Qf6 15. Nd2 Nc7 16. e4 Nb5 17. exf5 Qxf5 18. Nc4 Qf6 19. Qg4 Rad8 20. Rae1
Nd4 21. Ne5 h5 22. Qh3 Bc8 23. d6 Qxd6 24. g4 hxg4 25. Nxg4 Rh8 26. Qg3
Qxg3 27. fxg3 Rde8 28. Bd5 Nf5 29. Rxe8 Rxe8 30. h4 Ba6 31. Rf4 Be2 32. Bf3
Nxg3 33. Kf2 Bxf3 34. Kxf3 Ne2 35. Rf6 Nd4+ 36. Kf2 Re4 37. Rd6 Rxg4 38.
Rxd7+ Kh6 39. Rxa7 Rxh4 40. b4 cxb4 41. axb4 Nf5 42. b5 Rb4 0-1

[Event "3rd Sharjah Masters 2019"]
[Site "Sharjah UAE"]
[Date "2019.03.30"]
[Round "9.9"]
[White "Sjugirov, Sanan"]
[Black "Vokhidov, Shamsiddin"]
[Result "1-0"]
[WhiteElo "2667"]
[BlackElo "2494"]
[EventDate "2018.03.22"]

1. Nf3 Nf6 2. c4 c5 3. Nc3 d5 4. cxd5 Nxd5 5. e3 e6 6. d4 cxd4 7. exd4 Bb4
8. Qc2 Nc6 9. a3 Be7 10. Bd3 h6 11. O-O O-O 12. Qe2 Nf6 13. Rd1 b6 14. Bf4
Bb7 15. Rac1 Rc8 16. Bb1 Nb8 17. Ne5 a6 18. Qd2 Re8 19. Qe2 Nbd7 20. Rd3
Nd5 21. Nxd5 Rxc1+ 22. Bxc1 exd5 23. Rg3 Bh4 24. Qh5 Bxg3 25. Qxf7+ Kh8 26.
Ng6+ Kh7 27. Ne7+ Kh8 28. Bxh6 Bxf2+ 29. Kxf2 1-0

[Event "3rd Sharjah Masters 2019"]
[Site "Sharjah UAE"]
[Date "2019.03.30"]
[Round "9.10"]
[White "Stany, G.A."]
[Black "Iturrizaga Bonelli, Eduardo"]
[Result "1-0"]
[WhiteElo "2507"]
[BlackElo "2639"]
[EventDate "2018.03.22"]

1. e4 c5 2. Nf3 e6 3. d4 cxd4 4. Nxd4 a6 5. Bd3 Ne7 6. c4 g6 7. Nc3 Bg7 8.
Be3 O-O 9. Qd2 d5 10. cxd5 exd5 11. Rd1 Nd7 12. exd5 Nf6 13. Nde2 Nexd5 14.
Bg5 Bg4 15. O-O Qb6 16. Nxd5 Nxd5 17. h3 Be6 18. b3 Rfe8 19. Bc4 Nb4 20.
Be3 Qa5 21. Bxe6 Rxe6 22. Nf4 Re5 23. Bd4 Rf5 24. g4 Rg5 25. Bxg7 Kxg7 26.
Qc3+ Kg8 27. Rd7 Nxa2 28. Qc4 Qf5 29. Rfd1 Re8 30. Rd8 Rxd8 31. Rxd8+ Kg7
32. Rd2 h5 33. Kh2 hxg4 34. h4 g3+ 35. fxg3 Qa5 36. b4 Qb5 37. Qd4+ Re5 38.
Nd3 1-0

[Event "3rd Sharjah Masters 2019"]
[Site "Sharjah UAE"]
[Date "2019.03.30"]
[Round "9.11"]
[White "Ganguly, Surya Shekhar"]
[Black "Megaranto, Susanto"]
[Result "1/2-1/2"]
[WhiteElo "2633"]
[BlackElo "2526"]
[EventDate "2018.03.22"]

1. e4 c6 2. d4 d5 3. exd5 cxd5 4. Bd3 Nc6 5. c3 Nf6 6. Bf4 Bg4 7. Qb3 Qd7
8. Nd2 e6 9. Ngf3 Bxf3 10. Nxf3 Bd6 11. Bxd6 Qxd6 12. O-O O-O 13. Rfe1 Rab8
14. a4 a6 15. Ne5 Qc7 16. Qc2 b5 17. f4 g6 18. Re3 Qb6 19. axb5 axb5 20.
Rh3 Nxe5 21. fxe5 Ng4 22. Qe2 f5 23. exf6 Nxf6 24. Rg3 Rb7 25. Rf1 Ne8 26.
Rgf3 Rbf7 27. Rxf7 Rxf7 28. Bxb5 Rxf1+ 29. Kxf1 Nf6 30. Bd3 Kf7 31. g3 Qa5
32. Kg2 Qa1 33. Qd2 Ke7 34. h3 Nd7 35. c4 dxc4 36. Bxc4 Qa8+ 37. Kh2 Qe4
38. Bf1 e5 39. d5 Qd4 40. Qh6 Qxb2+ 41. Bg2 e4 42. Qxh7+ Kd6 43. Qxg6+ Nf6
44. Qg5 Qf2 45. Qc1 Nxd5 46. Qf1 e3 47. Qa6+ Ke5 48. Qa1+ Kd6 49. Qa3+ Ke5
50. Qa1+ Kd6 51. Qa3+ Ke5 52. Qa1+ 1/2-1/2

[Event "3rd Sharjah Masters 2019"]
[Site "Sharjah UAE"]
[Date "2019.03.30"]
[Round "9.12"]
[White "Raghunandan, Kaumandur Srihari"]
[Black "Adly, Ahmed"]
[Result "0-1"]
[WhiteElo "2352"]
[BlackElo "2611"]
[EventDate "2018.03.22"]

1. e4 c6 2. d4 d5 3. e5 c5 4. dxc5 e6 5. Nf3 Bxc5 6. a3 Ne7 7. b4 Bb6 8.
Bd3 Nbc6 9. Bb2 Ng6 10. O-O O-O 11. Re1 Bd7 12. c4 dxc4 13. Bxc4 Rc8 14.
Nbd2 Nce7 15. b5 Nf5 16. Re4 a6 17. a4 axb5 18. axb5 Qe7 19. Qb3 Ra8 20. g3
Rxa1+ 21. Bxa1 Ra8 22. Bb2 Be8 23. Re2 Nf8 24. Ne4 Nd7 25. Bd3 Nc5 26. Nxc5
Qxc5 27. Rc2 Qe7 28. Kg2 Bd7 29. h3 h6 30. g4 Nh4+ 31. Nxh4 Qxh4 32. Qb4 h5
33. Qe4 hxg4 34. hxg4 g6 35. Qf4 Ra5 36. Bd4 Bd8 37. Bc3 Ra3 38. Qd4 Bg5
39. Be2 Be8 40. f4 Bd8 41. Qf2 Qxf2+ 42. Kxf2 Bb6+ 43. Kg2 Rb3 44. Bc4 Rb1
45. Bb2 Kg7 46. Kf3 Bd8 47. Bd3 Rd1 48. Ke2 Rh1 49. Kf3 Bb6 50. Ke4 Re1+
51. Re2 Rd1 52. Rc2 Bd7 53. Be2 Rd5 54. Bc4 Rd1 55. Be2 Re1 56. Bc3 Rb1 57.
Bb2 Kf8 58. Ba3+ Ke8 59. Bb2 Bc5 60. Rxc5 Rxb2 61. Ke3 Kd8 62. Bd3 b6 63.
Rc3 Bxb5 64. Bxb5 Rxb5 65. Rc1 g5 66. fxg5 Rxe5+ 67. Kf4 Rc5 68. Ra1 Rc4+
69. Kg3 b5 70. Ra8+ Rc8 71. Ra7 Rc7 72. Ra8+ Kd7 73. Kh4 Rb7 74. g6 fxg6
75. Kg5 b4 76. Kxg6 b3 77. Ra1 b2 78. Rb1 Ke7 79. g5 Rb5 80. Kh7 Rxg5 81.
Rxb2 e5 82. Kh6 Kf6 83. Rb1 Rg2 84. Kh5 e4 85. Rb5 e3 86. Kh4 Rg1 87. Rb2
Kf5 88. Kh3 Ke4 89. Kh2 Rg5 90. Ra2 Kf3 91. Ra8 e2 92. Re8 e1=Q 93. Rxe1
Kf2 94. Re4 Rh5+ 0-1

[Event "3rd Sharjah Masters 2019"]
[Site "Sharjah UAE"]
[Date "2019.03.30"]
[Round "9.13"]
[White "Nihal, Sarin"]
[Black "Lorparizangeneh, Shahin"]
[Result "1-0"]
[WhiteElo "2578"]
[BlackElo "2493"]
[EventDate "2018.03.22"]

1. d4 d5 2. Bf4 c5 3. e3 Nc6 4. c3 Bf5 5. Nd2 e6 6. Ngf3 Bd6 7. Bxd6 Qxd6
8. Qb3 O-O-O 9. Bb5 Nge7 10. Qa4 a6 11. Bxc6 Nxc6 12. O-O Kb8 13. Rfc1 cxd4
14. exd4 Be4 15. Re1 Qf4 16. Re3 Rhe8 17. g3 Qf6 18. Nxe4 dxe4 19. Nd2 e5
20. Nxe4 Qg6 21. Nc5 exd4 22. Rxe8 Rxe8 23. cxd4 Qd6 24. Rc1 Qd5 25. Qb3
Qxb3 26. Nxb3 Nb4 27. Nc5 b6 28. Nd7+ Kb7 29. a3 Nd3 30. Rc3 Nxb2 31. Nxb6
Kxb6 32. Rb3+ Kc6 33. Rxb2 Rd8 34. Rc2+ Kb6 35. Rc4 Kb5 36. Rb4+ Kc6 37. a4
Rd7 38. Kg2 a5 39. Rc4+ Kd5 40. Rc5+ Kxd4 41. Rxa5 Ke4 42. Rb5 Ra7 43. a5
Kd4 44. Kf3 Kc4 45. Rh5 h6 46. h4 Ra6 47. Rf5 Ra7 48. h5 g6 49. hxg6 fxg6
50. Rf6 Rxa5 51. Rxg6 Rf5+ 52. Ke4 Rxf2 53. Rc6+ Kb5 54. Rxh6 Kc5 55. g4
Rg2 56. Kf5 Rf2+ 57. Kg5 Kd5 58. Rf6 Rh2 59. Kf5 Rf2+ 60. Kg6 Rg2 61. g5
Ke5 62. Kh6 Ra2 63. Rf1 Ke6 64. g6 Ke7 65. g7 Rh2+ 66. Kg6 Rg2+ 67. Kh7
Rh2+ 68. Kg8 Rh4 69. Re1+ Kd7 70. Kf7 Rf4+ 71. Kg6 Rg4+ 72. Kf6 Kd8 73. Re5
1-0

[Event "3rd Sharjah Masters 2019"]
[Site "Sharjah UAE"]
[Date "2019.03.30"]
[Round "9.14"]
[White "Abdusattorov, Nodirbek"]
[Black "Asgarizadeh, Ahmad"]
[Result "1/2-1/2"]
[WhiteElo "2560"]
[BlackElo "2434"]
[EventDate "2018.03.22"]

1. e4 e5 2. Nf3 Nc6 3. Nc3 Nf6 4. Bb5 Nd4 5. Bc4 Bc5 6. d3 d6 7. Nxd4 Bxd4
8. O-O c6 9. Bb3 h6 10. Be3 a5 11. a4 Qb6 12. Qd2 Bxe3 13. fxe3 Be6 14. Ra3
O-O 15. d4 Bxb3 16. Rxb3 Qc7 17. Rxf6 gxf6 18. Qf2 Qe7 19. Ne2 f5 20. exf5
f6 21. e4 Kh7 22. Qh4 Rg8 23. Rh3 Qg7 24. Rg3 Qf7 25. Rh3 Qg7 26. Rg3 Qf8
27. Rb3 Rb8 28. c4 Rg5 29. Qf2 Qf7 30. d5 Rbg8 31. g3 c5 32. Re3 Qh5 33.
Kg2 Qe8 34. b3 h5 35. h3 Qd8 36. Nc3 Kg7 37. Kh2 Kf7 38. Rf3 Ke7 39. Qd2
Kd7 40. Qf2 Qf8 41. Qd2 Qg7 42. Qe3 Qh7 43. Ne2 Rh8 44. Rf2 Qh6 45. Rf3 Qh7
46. Rf2 b6 47. Kg2 Qh6 48. Rf3 Qh7 49. Rf2 Rhg8 50. Rf3 R5g7 51. Kh2 Rh8
52. Rf2 Kc7 53. Rg2 Rg5 54. Rf2 Qh6 55. Rf3 1/2-1/2

[Event "3rd Sharjah Masters 2019"]
[Site "Sharjah UAE"]
[Date "2019.03.30"]
[Round "9.15"]
[White "Laxman, R.R."]
[Black "Fier, Alexandr"]
[Result "1/2-1/2"]
[WhiteElo "2425"]
[BlackElo "2551"]
[EventDate "2018.03.22"]

1. d4 Nf6 2. Nf3 g6 3. Bg5 Bg7 4. Nbd2 O-O 5. c3 d5 6. e3 Nbd7 7. Be2 c5 8.
O-O b6 9. Bh4 Bb7 10. Ne5 Ne8 11. Nxd7 Qxd7 12. a4 Nd6 13. Bg3 Nf5 14. Bf4
f6 15. Bg4 e6 16. Re1 g5 17. Bxf5 exf5 18. Bg3 c4 19. a5 b5 20. b4 a6 21.
h4 Rae8 22. Qh5 h6 23. hxg5 hxg5 24. f4 Qf7 25. Qxf7+ Kxf7 26. fxg5 fxg5
27. Bd6 Rg8 28. Nf3 Bh6 29. Kf2 Re6 30. Ne5+ Ke8 31. Bc5 Bg7 32. Rh1 Bc8
33. Rh7 Rh6 34. Rxh6 Bxh6 35. Rh1 Bg7 36. Rh5 Bxe5 37. dxe5 Kf7 38. Kg3 Kg6
39. Rh1 Be6 40. Be7 d4 41. exd4 f4+ 42. Kf2 Bd5 43. Re1 g4 44. e6 Re8 45.
Bd6 Rxe6 46. Rxe6+ Bxe6 47. Bxf4 Kf5 48. Ke3 Bd5 49. g3 Ke6 50. Bb8 Kf5 51.
Bc7 Kg5 52. Bd8+ Kf5 53. Bh4 Bf3 54. Bd8 Bd5 55. Be7 Ke6 56. Bf8 Kf5 57.
Bg7 Kg5 58. Be5 Kf5 59. Bc7 Kg5 60. Bd8+ Kf5 61. Bh4 Bf3 62. d5 Ke5 1/2-1/2

[Event "3rd Sharjah Masters 2019"]
[Site "Sharjah UAE"]
[Date "2019.03.30"]
[Round "9.16"]
[White "Zubov, Alexander"]
[Black "Shyaamnikhil, P"]
[Result "1-0"]
[WhiteElo "2605"]
[BlackElo "2429"]
[EventDate "2018.03.22"]

1. d4 Nf6 2. c4 e6 3. Nc3 Bb4 4. Nf3 d5 5. e3 O-O 6. Bd3 dxc4 7. Bxc4 c5 8.
O-O Nc6 9. a3 Ba5 10. Qd3 a6 11. Rd1 b5 12. Ba2 Bb7 13. dxc5 Bxc3 14. Qc2
Qa5 15. bxc3 Ne7 16. Bb2 Qc7 17. c4 Qxc5 18. Ne5 bxc4 19. Qxc4 Qxc4 20.
Nxc4 Rad8 21. f3 Bc6 22. e4 Ba4 23. Rdc1 Ng6 24. Nb6 Bb5 25. a4 Rb8 26. Ba3
Rfd8 27. Bc5 Bd3 28. Be3 Nd7 29. Nxd7 Rxd7 30. Rc3 h5 31. Rd1 Rbd8 32. Bg5
Be2 33. Re1 Rd2 34. Bxd2 Rxd2 35. Bb3 Nf4 36. Rc2 1-0

[Event "3rd Sharjah Masters 2019"]
[Site "Sharjah UAE"]
[Date "2019.03.30"]
[Round "9.18"]
[White "Gupta, Abhijeet"]
[Black "Raja, Rithvik R"]
[Result "1-0"]
[WhiteElo "2602"]
[BlackElo "2423"]
[EventDate "2018.03.22"]

1. d4 Nf6 2. c4 e6 3. g3 d5 4. Bg2 Be7 5. Nf3 O-O 6. O-O dxc4 7. Qc2 a6 8.
a4 Bd7 9. Qxc4 Bc6 10. Bf4 Bd6 11. Qc1 a5 12. Nc3 Na6 13. Bg5 h6 14. Bxf6
Qxf6 15. e4 e5 16. d5 Bd7 17. Nd2 c6 18. Nc4 Nb4 19. Qd2 Bc5 20. Kh1 cxd5
21. exd5 Bf5 22. f4 Bd3 23. Ne4 Bxe4 24. Bxe4 exf4 25. Rxf4 Qg5 26. d6 Nc6
27. Qd5 Qxd5 28. Bxd5 Rad8 29. Rd1 Bb4 30. Rf5 Rd7 31. Rdf1 Nd8 32. Bg2 Ne6
33. Bh3 Re8 34. Rd5 Red8 35. Rfd1 g6 36. Re5 Re8 37. Bxe6 Rxe6 38. Rxe6
fxe6 39. Kg2 Kf8 40. Kf3 Ke8 41. Ke4 Rf7 42. Ke5 Kd7 43. Nb6+ Kc6 44. d7
1-0

[Event "3rd Sharjah Masters 2019"]
[Site "Sharjah UAE"]
[Date "2019.03.30"]
[Round "9.19"]
[White "Chanda, Sandipan"]
[Black "Sukandar, Irine Kharisma"]
[Result "1-0"]
[WhiteElo "2534"]
[BlackElo "2381"]
[EventDate "2018.03.22"]

1. d4 Nf6 2. c4 e6 3. Nc3 Bb4 4. e3 O-O 5. Bd2 c5 6. a3 Bxc3 7. Bxc3 Ne4 8.
Ne2 b6 9. d5 d6 10. f3 Nxc3 11. Nxc3 e5 12. Bd3 Qh4+ 13. g3 Qh6 14. Qe2 f5
15. h4 Nd7 16. e4 Nf6 17. exf5 Nh5 18. g4 Ng3 19. Qd2 Nxh1 20. Qxh6 gxh6
21. Ne4 h5 22. Ke2 hxg4 23. fxg4 h5 24. Rxh1 hxg4 25. Nxd6 Rf6 26. Ne8 Rxf5
27. Bxf5 Bxf5 28. Rf1 Bg6 29. Nf6+ Kg7 30. h5 Bf7 31. h6+ Kxh6 32. Nxg4+
Kg7 33. Nxe5 Bh5+ 34. Kd2 Re8 35. Re1 Rf8 36. Rg1+ Kh6 37. d6 Rd8 38. d7
Be8 39. Rg8 Rxd7+ 40. Nxd7 Bxd7 41. Ra8 1-0

[Event "3rd Sharjah Masters 2019"]
[Site "Sharjah UAE"]
[Date "2019.03.30"]
[Round "9.20"]
[White "Debashis, Das"]
[Black "Dimakiling, Oliver"]
[Result "1-0"]
[WhiteElo "2532"]
[BlackElo "2423"]
[EventDate "2018.03.22"]

1. d4 d5 2. c4 c6 3. Nf3 g6 4. e3 Bg7 5. Nc3 Nf6 6. Be2 O-O 7. O-O b6 8. b4
Ne4 9. Bb2 Nxc3 10. Bxc3 Nd7 11. Rc1 Bb7 12. cxd5 cxd5 13. Qb3 a6 14. b5
Nf6 15. Ne5 axb5 16. Bxb5 Ne4 17. Bb4 Bxe5 18. dxe5 f6 19. f3 Ng5 20. exf6
Rxf6 21. Bc3 Rf7 22. Ba1 Ne6 23. Qb2 Rf6 24. Rfd1 Qd6 25. e4 Qf4 26. exd5
Ng5 27. Qe2 Rf5 28. Bc4 Kf8 29. Re1 e6 30. Be5 Qh4 31. Bg3 Qd4+ 32. Bf2 Qf6
33. h4 Nxf3+ 34. gxf3 Rxf3 35. Rf1 Kg7 36. Qxf3 1-0

[Event "3rd Sharjah Masters 2019"]
[Site "Sharjah UAE"]
[Date "2019.03.30"]
[Round "9.21"]
[White "Kuybokarov, Temur"]
[Black "Fenil, Shah"]
[Result "1-0"]
[WhiteElo "2519"]
[BlackElo "2360"]
[EventDate "2018.03.22"]

1. d4 d5 2. c4 e6 3. Nf3 a6 4. Nbd2 Nf6 5. g3 dxc4 6. Nxc4 b5 7. Na5 c5 8.
Bd2 b4 9. Nc4 Bb7 10. Bg2 Be7 11. O-O O-O 12. Bg5 Nbd7 13. dxc5 Nxc5 14.
Qxd8 Rfxd8 15. Na5 Be4 16. Ne5 Bxg2 17. Kxg2 Nce4 18. Nec6 Nxg5 19. Nxe7+
Kf8 20. Nec6 Rd2 21. Nc4 Rxe2 22. h4 Nge4 23. Rac1 e5 24. Kf3 Rd2 25. Ke3
Rd5 26. Nb6 Rad8 27. Nxd5 Rxd5 28. Nxb4 Rd2 29. Nd3 h5 30. Rc4 Ng4+ 31.
Kxe4 f5+ 32. Kxf5 Rxd3 33. f3 Rd6 34. fxg4 Rf6+ 35. Kxe5 Rxf1 36. Rf4+ 1-0

[Event "3rd Sharjah Masters 2019"]
[Site "Sharjah UAE"]
[Date "2019.03.30"]
[Round "9.22"]
[White "Rathnakaran, K."]
[Black "Venkatesh, M.R."]
[Result "1-0"]
[WhiteElo "2361"]
[BlackElo "2517"]
[EventDate "2018.03.22"]

1. e4 e5 2. Nf3 Nc6 3. Bb5 Nge7 4. O-O g6 5. c3 Bg7 6. d4 exd4 7. cxd4 a6
8. Ba4 b5 9. Bb3 d6 10. h3 O-O 11. Bg5 h6 12. Bh4 Na5 13. Bc2 g5 14. Bg3
Ng6 15. Nc3 g4 16. Nd5 Nc6 17. Ne3 gxf3 18. gxf3 Nxd4 19. Nf5 Nxf5 20. exf5
Ne5 21. Be4 Rb8 22. Kh1 Rb6 23. Rg1 Nd7 24. Rg2 Re8 25. Qg1 Kf8 26. Qh2 Qf6
27. Bf4 Ke7 28. Rag1 Bf8 29. b4 Kd8 1-0

[Event "3rd Sharjah Masters 2019"]
[Site "Sharjah UAE"]
[Date "2019.03.30"]
[Round "9.23"]
[White "Harsha, Bharathakoti"]
[Black "Pranav, Anand"]
[Result "1-0"]
[WhiteElo "2497"]
[BlackElo "2359"]
[EventDate "2018.03.22"]

1. d4 Nf6 2. c4 e6 3. Nc3 Bb4 4. g3 Bxc3+ 5. bxc3 O-O 6. Bg2 d6 7. Nf3 Nbd7
8. O-O e5 9. c5 e4 10. Nd2 d5 11. f3 e3 12. Nb1 Re8 13. Na3 b6 14. c6 Nb8
15. Nc2 Nxc6 16. Nxe3 Na5 17. Rf2 h6 18. g4 c5 19. h4 cxd4 20. Qxd4 Nc6 21.
Qa4 Ne5 22. g5 Bd7 23. Qd4 Nc6 24. Qd2 hxg5 25. hxg5 Nh5 26. Nxd5 Ne5 27.
Qd4 Ng3 28. e4 Bb5 29. Bf4 Ne2+ 30. Rxe2 Bxe2 31. Bxe5 Bxf3 32. Bf6 gxf6
33. Nxf6+ Kf8 34. Bxf3 Qxd4+ 35. cxd4 Red8 36. d5 Rac8 37. Kf2 b5 38. Kg3
b4 39. e5 Rc3 40. Kf4 Ra3 41. Rh1 1-0